| 000 | 00707nam a2200217 a 4500 | ||
|---|---|---|---|
| 005 | 20220812063819.0 | ||
| 008 | 020930s2001 mx r 000 0 spa d | ||
| 020 | _a9701029062 | ||
| 035 | _aUPN01000119803 | ||
| 049 | _aCG | ||
| 050 | 4 |
_aHD30.28 _bT4.28 2001 |
|
| 100 | 1 |
_aThompson, Arthur A., _d1940- |
|
| 245 | 1 | 0 |
_aAdministración estratégica / _cArthur A. Thompson, A. J. Strickland ; tr. Guadalupe Meza Staines. |
| 250 | _a11a ed. | ||
| 260 |
_aMéxico : _bMcGraw-Hill, _cc2001. |
||
| 300 | _a1 v. (en varias paginaciones) | ||
| 500 | _aSubtítulo de la cubierta: Conceptos y casos | ||
| 650 | 4 |
_aPlanificación estratégica _91106 |
|
| 700 | 1 |
_aStrickland, Alonzo J., _ecoaut. |
|
| 905 | _aLibro | ||
| 999 |
_c92153 _d92153 |
||